000 00510nam a22001577a 4500
005 20251211141735.0
008 251211b |||||||| |||| 00| 0 eng d
020 _a9780849304835
050 _aQC65 CRC
245 _aCRC Handbook of Chemistry and Physics
_ba redy-reference book of chemistry and physics data
_ceditor-in-chief, David R. Lide
250 _a83rd ed.
260 _aBoca Raton
_bCRC Press
_c2002
300 _avarious paging
_bill.
_c26cm
700 _aLide, David R.
942 _2lcc
_cBK
_e83rd ed.
_n0
999 _c8556
_d8556